000
00227nam a22000857a 4500
008
160705b xxu||||| |||| 00| 0 eng d
100
_9
2162
_a
Goldberg, L
245
_a
A Flat for Rent
260
_a
New Delhi
_b
National Book Trust
_c
2004
999
_c
1854
_d
1854